Numb - Dotan - All Lyrics - Statistics

General Stats
  • This quiz has been taken 6 times
  • The average score is 230 of 374
Answer Stats
Answer % Correct
a
100%
can
100%
can't
100%
can’t
100%
I
100%
in
100%
it
100%
it's
100%
my
100%
No
100%
no
100%
numb
100%
numb,
100%
Numb
100%
numb)
100%
the
100%
They
100%
they
100%
to
100%
Always
75%
and
75%
been
75%
feel
75%
Feel
75%
inside
75%
I've
75%
know
75%
like
75%
me,
75%
see
75%
So
75%
what
75%
you
75%
all
50%
All
50%
(All
50%
alone
50%
black
50%
bones
50%
but
50%
But
50%
(But
50%
'Cause
50%
colours
50%
deep
50%
don’t
50%
don't
50%
eyes
50%
fighting
50%
hands
50%
head
50%
I'm
50%
I’m
50%
into
50%
lost
50%
million
50%
Now
50%
of
50%
rush,
50%
rush
50%
sinking
50%
swim
50%
touch,
50%
touch
50%
Trading
50%
Try
50%
unknown
50%
up,
50%
up
50%
wanted
50%
was
50%
weight
50%
white
50%
with
50%
world
50%
your
50%
around
25%
bad
25%
blood,
25%
blood
25%
blows
25%
bullets
25%
coming
25%
crowd
25%
distant
25%
falling
25%
from
25%
infected
25%
Keep
25%
keep
25%
listens,
25%
love
25%
love)
25%
Low,
25%
lungs
25%
on
25%
one
25%
one’s
25%
out
25%
reading
25%
real
25%
run
25%
running
25%
screaming
25%
Silent
25%
singing
25%
still
25%
that
25%
there's
25%
till
25%
voices
25%
words
25%
write
25%
No matching quizzes found
Score Distribution
Percent of People with Each Score
Percentile by Number Answered
Your Score History
You have not taken this quiz